000 010550000a22002890004500
003 EG-GICUC
005 20250223030030.0
008 090818s1996 ua dh f m 000 0 eng d
040 _aEG-GiCUC
_beng
_cEG-GiCUC
041 0 _aeng
049 _aDeposite
097 _aM.Sc
099 _aCai01.11.28.M.Sc.1996.Wa.C
100 0 _aWagdy Samir Fakhry
245 1 0 _aColorectal polyps in children /
_cWagdy Samir Fakhry ; Supervised Mortada Hassan Shabrawy , Zahraa Ezzeldin , Sherief Fathy
246 1 5 _aزوائد القولون والمستقيم عند الاطفال
260 _aCairo :
_bWagdy Samir Fakhry ,
_c1996
300 _a71 Leaves :
_bcharts , facsimiles ;
_c30cm
502 _aThesis(M.Sc.) - Cairo University - Faculty of Medicine - Department of Pediatrics
700 0 _aMortada Hassan Shabrawy ,
_eSupervisor
700 0 _aSherief Fathy ,
_eSupervisor
700 0 _aZahraa Ezzeldin ,
_eSupervisor
856 _uhttp://172.23.153.220/th.pdf
905 _aNazla
_eRevisor
905 _aReda
_eCataloger
942 _2ddc
_cTH
999 _c25956
_d25956